Lataa...
الأدب العربي بين عرض و نقد /
| Päätekijä: | |
|---|---|
| Aineistotyyppi: | Printed Book |
| LEADER | 00501nam a2200109Ia 4500 | ||
|---|---|---|---|
| 008 | 150527150527b xxu||||| |||| 00| 0 ara d | ||
| 082 | |a 809 | ||
| 100 | |a محمد الربع الحسني الندوي | ||
| 245 | |c by محمد الربع الحسني الندوي |a الأدب العربي بين عرض و نقد / | ||
| 942 | |c BK | ||
| 999 | |c 174392 |d 174392 | ||
| 952 | |0 0 |1 0 |4 0 |6 809_000000000000000_محم_ا |7 0 |9 193108 |a ARA |b ARA |c ST1 |d 2015-05-27 |i 5877 |l 1 |o 809 محم/ا |p ARA005877 |r 2016-08-19 |s 2016-08-10 |w 2015-05-27 |y BK | ||